[Event "URS-ch45"]
[Site "Leningrad"]
[Date "1977.??.??"]
[Round "?"]
[White "Bagirov, Vladimir"]
[Black "Smyslov, Vassily"]
[Result "1/2-1/2"]
[WhiteElo "2480"]
[BlackElo "2595"]

1.d4 Nf6 2.c4 e6 3.Nf3 b6 4.g3 Ba6 5.Qa4 Be7 6.Bg2 O-O 7.O-O c6 8.Nc3 d5
9.cxd5 b5 10.Qb3 exd5 11.a3 Nbd7 12.Bf4 Nb6 13.Ne5 Qc8 14.Rad1 Nc4 15.Rfe1 Rd8
16.Nd3 Qf5 17.f3 Qg6 18.Ne5 Nxe5 19.Bxe5 Nd7 20.Bc7 Rdc8 21.Bf4 Nb6 22.e4 b4
23.axb4 Bc4 24.Qc2 dxe4 25.Bh3 Be6 26.Bxe6 Qxe6 27.Rxe4 Qd7 28.b5 cxb5 29.Qe2 Bf8
30.Qxb5 Qxb5 31.Nxb5 Nd5 32.Bd6 a6 33.Bxf8 Kxf8 34.Re5 axb5 35.Rxd5 Rc2 36.Rxb5 Re8
37.b4 g6 38.Re5 Ra8 39.Ra5 Re8 40.Re5  1/2-1/2